| 000 | 00640nam a2200181Ia 4500 | ||
|---|---|---|---|
| 008 | 090630s9999 xx 000 0 und d | ||
| 082 | _b2347 | ||
| 100 | _aकेळकर न. चि. | ||
| 245 |
_aवृत्तपत्रीय मिमांसा. _cकेळकर न. चि. |
||
| 260 |
_bरानडे प्र. दा. _c1965 |
||
| 300 | _a159 | ||
| 600 | _aकेळकर न. चि. | ||
| 630 | _aवृत्तपत्रीय मिमांसा. | ||
| 655 | _aइतर. | ||
| 700 | _aकेळकर न. चि. | ||
| 730 | _aवृत्तपत्रीय मिमांसा. | ||
| 942 | _cBOOK | ||
| 999 |
_c254203 _d254203 |
||